Atlas of Human Anatomy (Record no. 77)

MARC details
000 -LEADER
Fixed length control field 00510nam a2200205Ia 4500
003 - CONTROL NUMBER IDENTIFIER
Control field IIN
005 - DATE AND TIME OF LATEST TRANSACTION
Control field 20240201143039.0
008 - FIXED-LENGTH DATA ELEMENTS--GENERAL INFORMATION
Fixed length control field 231217s9999 xx 000 0 und d
020 ## - INTERNATIONAL STANDARD BOOK NUMBER / ISBN
Price Rs.1885.00
International Standard Book Number 9780323393225
040 ## - CATALOGING SOURCE
Original cataloging agency IIN
Language of cataloging English
082 ## - DEWEY DECIMAL CLASSIFICATION NUMBER
Classification number 611
Book Number NET
100 1# - MAIN ENTRY--PERSONAL NAME
Personal name Netter, Frank H.
245 #2 - TITLE STATEMENT
Title Atlas of Human Anatomy
Statement of responsibility Frank H. Netter
250 ## - EDITION STATEMENT
Edition statement 7th ed
260 ## - IMPRINT
Name of publisher Elsevier
Place of publication Philadelphia
Date of publication 2019
300 ## - PHYSICAL DESCRIPTION
Page / Vol. No 535 p.
650 1# - SUBJECT ADDED ENTRY--TOPICAL TERM
Topical term Anatomy
650 1# - SUBJECT ADDED ENTRY--TOPICAL TERM
Topical term Human Anatomy
942 ## - ADDED ENTRY ELEMENTS (KOHA)
Koha item type Books
Holdings
Withdrawn status Lost status Source of classification Damaged status Not for loan Collection code Home library Current library Date acquired Price Total Checkouts Call number Accession number Date last seen Price effective from Koha item type
    Dewey Decimal Classification       IDEAL INSTITUTE OF NURSING IDEAL INSTITUTE OF NURSING 17/12/2023 1885.00   611 NET 72 17/12/2023 17/12/2023 Books
    Dewey Decimal Classification       IDEAL INSTITUTE OF NURSING IDEAL INSTITUTE OF NURSING 17/12/2023 1885.00   611 NET 73 17/12/2023 17/12/2023 Books
    Dewey Decimal Classification       IDEAL INSTITUTE OF NURSING IDEAL INSTITUTE OF NURSING 17/12/2023 1885.00   611 NET 74 27/02/2025 17/12/2023 Books
© Ideal Institute Of Nursing, All rights reserved.         Powered by Koha